000 00825nam a2200253 i 4500
001 8768
003 ES-MaACL
005 20250815110831.0
007 t|
008 920928s1990 sp ||||1| spa d
020 _a84-263-0470-2
080 _a551.3
100 1 _aAncochea Soto, Eumenio.
_921412
245 1 0 _aGeología
_b: procesos externos /
_cEumenio Ancochea Soto, Francisco Anguita Virella, Fernando Moreno Serrano.
260 _aZaragoza :
_bLuis Vives,
_cD.L. 1990.
300 _a254 p. :
_bil. ;
_c26 cm.
490 1 _aEdelvives. Universidad
650 0 7 _aGeología
_2embne
_913086
700 1 _aAnguita Virella, Francisco.
_921773
700 1 _aMoreno Serrano, Fernando.
_983435
830 0 _aEdelvives. Universidad
_9227999
852 _aES-MaACL
_jL-16159
_bR.120868
999 _c8768
_d8768